[Event "ROM-ch U10"]
[Site "Calimanesti"]
[Date "2018.03.28"]
[Round "2"]
[White "Anghel, Rares Mihai"]
[Black "Patru, Razvan Mihai"]
[Result "1/2-1/2"]
[WhiteElo "1331"]
[BlackElo "1033"]
[PlyCount "63"]
[EventDate "2018.03.27"]
[EventType "swiss"]
[EventRounds "9"]
[EventCountry "ROU"]
[SourceTitle "CBM 183 Extra"]
[Source "ChessBase"]
[SourceDate "2018.04.19"]
[SourceVersion "1"]
[SourceVersionDate "2018.04.19"]
[SourceQuality "1"]

1. d4 Nf6 2. c4 g6 3. Nc3 Bg7 4. e4 d6 5. Bf4 0-0 6. Nf3 Nbd7 7. Be2 c5 8. d5 b6 9. 0-0 Ba6 10. Re1 Qc7 11. Qd2 Rac8 12. Bd3 Nh5 13. Be3 Nhf6 14. h3 Rfd8 15. Nb5 Bxb5 16. cxb5 Ne8 17. Bg5 Nef6 18. Rac1 Qb7 19. b3 Qb8 20. Bh6 Kf8 21. Bxg7+ Kxg7 22. Bc4 Ne5 23. Qe3 Nxf3+ 24. Qxf3 Rf8 25. Qc3 Rc7 26. g4 Kg8 27. e5 Nd7 28. f4 Rcc8 29. e6 fxe6 30. dxe6 Nf6 31. Rcd1 Rcd8 32. Qc2 1/2-1/2

[Event "ROM-ch U08"]
[Site "Calimanesti"]
[Date "2015.04.02"]
[Round "4"]
[White "Anghel, Rares Mihai"]
[Black "Alexandrescu, Bogdan Gabriel"]
[Result "1-0"]
[WhiteElo "1060"]
[BlackElo "1167"]
[PlyCount "61"]
[EventDate "2015.03.30"]
[EventType "swiss"]
[EventRounds "9"]
[EventCountry "ROU"]
[SourceTitle "CBM 165 Extra"]
[Source "ChessBase"]
[SourceDate "2015.04.21"]
[SourceVersion "1"]
[SourceVersionDate "2015.04.21"]
[SourceQuality "1"]

1. d4 d5 2. c4 e5 3. dxe5 d4 4. Nf3 Nc6 5. e3 dxe3 6. Qxd8+ Kxd8 7. Bxe3 Bg4 8. Nc3 Bxf3 9. gxf3 Nxe5 10. 0-0-0+ Kc8 11. Bh3+ Nd7 12. Rxd7 b6 13. Rhd1 Kb7 14. Bg2 Rc8 15. f4+ Kb8 16. Kc2 Nf6 17. Rd8 Bd6 18. Rxh8 Rxh8 19. a3 Rd8 20. b4 Ng4 21. c5 Be7 22. Rxd8+ Bxd8 23. cxb6 axb6 24. h3 Nf6 25. a4 Be7 26. Kb3 Kc8 27. a5 Nd7 28. a6 Kb8 29. Nb5 Bd6 30. a7+ Kc8 31. a8Q+ 1-0